Stimmt's? Wahr oder Falsch - Quiz #1 - Statistiken

Allgemein
  • Dieses Quiz wurde 169 mal gespielt
  • Das Durchschnittsergebnis liegt bei 10 aus 10
Antwortstatistiken
Behauptung Wahr oder Falsch?
( W oder F )
% Korrekt
Einige Menschen konnten schon 1 Regenbogen anfassen. 🌈 F
100%
Frische Eier kann man durch "Abschrecken" besser schälen. 🥚 F
100%
Venedig hat mehr Brücken als Hamburg. F
100%
New Jersey liegt am Pazifik. F
100%
"Zollstock" ist ein Bezirk von Berlin. F
100%
Rote Blutkörperchen haben 1 Zellkern. F
100%
🇦🇿 Aserbaidschan liegt am Schwarzen Meer. F
100%
Beim Judo benutzt man Waffen. 🥋 F
100%
Die Sonnenblume gehört zu den "Sukkulenten". 🌻 F
100%
Beim Sportfechten werden Schwerter benutzt. ⚔ F
100%
Warschau liegt nördl. als Moskau. F
100%
Kansas grenzt an Texas. F
100%
Wasserstoff findet man selten im Universum. F
100%
St. Gallen ist ein Landkreis von 🇦🇹 Österreich. F
100%
Es gibt Säugetiere mit grünem Fell. F
100%
Hunde benötigen einen Kratzbaum. 🐶 F
100%
Störche können die menschl. Sprache erlernen. F
100%
Leonardo DiCaprio spielt im Film "The Lone Ranger" mit. 📽 F
100%
Oskar Lafontaine war Außenminister. F
100%
🇲🇾 Malaysia grenzt an 🇱🇦 Laos. F
100%
Theodor Fontane schrieb Fabeln. 🖊 F
100%
Die Querflöte ist ein Blechblasinstrument. F
100%
Im Nil leben Delfine. 🐬 F
100%
🇧🇴 Bolivien grenzt an ein Meer. F
100%
Das Kaspische Meer ist Teil des Mittelmeers. F
100%
Gorilla's sind farbenblind. 🦍 F
100%
Das größte Bauwerk der Erde ist die chin. Mauer. F
100%
Wer kein Fleisch isst, stirbt früher. 🥩 F
100%
Auerochsen lebten nie auf der Erde. 🐂 F
100%
Der Blinddarm liegt bei Linkshändern auf der linken Seite. F
100%
Don Quijote gab es wirklich. F
100%
Die ital. Polizei heißt "Polenta". 👮 F
100%
Schiedsrichter im Judo heißen "Judoka". 🥋 F
100%
🇷🇺 Russland hat 9 Zeitzonen. F (11)
100%
Bisher waren 5 Menschen auf dem Mond. 🌜 F (12)
100%
Shakespeare verfasste 265 Sonetten. F (154)
100%
Die 1. Tageszeitung Deutschlands erschien 1812. 🗞 F (1650)
100%
1902 wurde das Patent für das 1. Automobil angemeldet. 🚘 F (1886)
100%
Der 1. James Bond Film wurde 1924 gedreht. 📽 F (1962)
100%
Die "Beatles" lösten sich 1980 auf. 🎶 F (1970)
100%
Die iran. Revolution war 1984. F (1979)
100%
Jemand mit "Polydaktylie" hat zuviel Eiweiß im Körper. F (1 Finger zuviel)
100%
Der dt. Bundespräsident darf 2x wiedergewählt werden. F (1x)
100%
7% aller Menschen haben einen IQ von mind. 130. 🧠 F (2%)
100%
In 100 g Bananen sind 8 g Zucker. 🍌 F (21 g)
100%
In 🇩🇪 Deutschland leben 250 Menschen, die 100 Jahre alt sind. F (2 500)
100%
Die 🇨🇭 Schweiz hat 24 Kantone. F (26)
100%
Die EU hat 26 Mitgliedsstaaten. F (28)
100%
70% aller Frauen über 80 Jahren sind weiterhin sex. aktiv. F (30 %)
100%
Der bisher längste Blauwal war 50 m lang. 🐳 F (33 m)
100%
Schokolade muss mind. aus 75 % Kakao bestehen. 🍫 F (35 %)
100%
In Afrika gibt es nur 50 Tsd. Elefanten. 🐘 F (400 Tsd.)
100%
Fährt man 1x um die Erde, legt man 100 Tsd. km zurück. 🌎 F (40 Tsd. km)
100%
In Europa leben ca. 620 Mio. Einwohner. 👥 F (448 Mio)
100%
Der Dokumentarfilm "Shoah" geht 61 Min. lang. 📽 F (540 Min.)
100%
Der optim. PH-Wert von Gartenpflanzen liegt zwischen 7-8. F (5-6)
100%
Die Amtszeit des Bundespräsidenten dauert 3 Jahre. F (5 Jahre)
100%
Beim Eishockey stehen 5 Spieler auf dem Feld. F (6)
100%
🇫🇮 Finnland besteht zu 95 % aus Wäldern. F (75 %)
100%
Im 🇳🇪 Niger bekommen Frauen durchschn. 5 Kinder. F (7 Kinder)
100%
Der Panamakanal ist 102 km lang. F (82 km)
100%
Das Reimschema im Kreuzreim ist "a a b b" . F (a b a b)
100%
Die australischen Ureinwohner heißen Buschmänner. F (Aborigines)
100%
Der Victoriasee liegt in Südamerika. F (Afrika)
100%
Die kanadische Flagge zeigt ein vierblättriges Kleeblatt. 🍀 F (Ahornblatt)
100%
Ein Chinese erfand das Dynamit. F (Alfred Nobel)
100%
Alle 3 Jahre muss ein Auto zum TÜV. 🚘 F (alle 2 Jahre)
100%
Die Giraffe kann ihre Zunge um den eigenen Kopf wickeln. 🦒 F (Ameisenbären können dies)
100%
In Sparta zogen früher Priester die Kinder auf. F (Amme)
100%
Der Sohn von Prinz Harry heißt "George". F (Archie)
100%
Kinderlähmung können nur Menschen bekommen. F (auch Affen)
100%
Löwen gibt es nur in Afrika. 🦁 F (auch in Indien)
100%
Aachen hat das Kfz - Zeichen "A" . F (Augsburg)
100%
Koalas leben in Afrika. 🐨 F (Australien)
100%
Der griech. Gott Dionysos hieß bei den Römern Apollon. 🍇 F (Bacchus)
100%
Schroeder aus den "Peanuts" spielt am liebsten Bach auf dem Klavier. 🎹 F (Beethoven)
100%
Das Fußball - EM-Finale war 1976 in Brüssel. ⚽ F (Belgrad)
100%
Die Hauptstadt der 🇨🇭 Schweiz ist Wien. F (Bern)
100%
"Pb" ist das chem. Symbol für Palladium. F (Blei)
100%
"Black Pudding" ist in 🏴󠁧󠁢󠁥󠁮󠁧󠁿 England ein Vanillequark. 🍮 F (Blutwurst)
100%
Der Zuckerhut befindet sich in 🇦🇷 Argentinien. F (Brasilien)
100%
Das Volk wählt den Bundespräsidenten. 🗳 F (Bundesversammlung)
100%
Der westl. Punkt Europas ist Vigo in 🇪🇸 Spanien. F (Cabo da Roca in Portugal)
100%
Sri Lanka hieß früher Goa. F (Ceylon)
100%
Katherine Schwarzenegger heiratete 2019 Chris Evans. F (Chris Pratt)
100%
🇸🇪 Schweden führte als 1. Land die "Registrierte Partnerschaft" ein. F (Dänemark)
100%
🇬🇱 Grönland gehört zu 🇮🇸 Island. F (Dänemark)
100%
🇷🇺 Russland ist das 2.-größte Land (Gesamtfläche) der Erde. F (das Größte)
100%
Bei einer Aristokratie herrscht das Volk. F (der Adel)
100%
Eine Radiusfraktur ist ein Bruch des Handgelenks. F (der Speiche)
100%
1996 gewann 🇫🇷 Frankreich die Fußball-EM. F (Deutschland)
100%
Sprichwort: "Lieber den Spatz in der Hand, als die Maus unterm Bett." 🐀 F (die Taube auf dem Dach)
100%
Ein Rolodex ist ein Wecker. ⏲ F (drehb. Karteikarten)
100%
Die Abkürzung "DHB" steht für "Dt. Hochsprungbund" F (Dt. Handballbund)
100%
Der 1. Gewinner von "Wer wird Millionär?" hieß Gerhard Krammer. 💵 F (Eckhard Freise)
100%
Die Stromstärke wird in "Joule" gemessen. F (Energie)
100%
Richard Löwenherz stammt aus den 🇳🇱 Niederlanden. F (England)
100%
🇩🇪 Deutschland hat die meisten Wissenschaftsnobelpreisträger. 🏆 F (England)
100%
Die Sonne benötigt 1 Tag um die Erde zu umkreisen. ☀ F (Erde kreist um die Sonne)
100%
Che Guevara war 2008 der Präsident von 🇨🇺 Kuba. F (Fidel Castro)
100%
Der Plural von Fiktion ist Fikti. F (Fiktionen)
100%
Zehennägel & Fingernägel wachsen gleich schnell. 💅 F (Fingernägel wachsen 4x so schnell)
100%
Die Pest wird durch Mücken übertragen. F (Flöhe)
100%
Der nächste Verwandte vom Hausschwein ist das Erdferkel. 🐽 F (Flusspferd)
100%
Franz Schubert komponierte das "Kabeljauquartett". 🐠 F (Forellenquintett)
100%
🇭🇺 Ungarns Währung war der Peso. F (Forint)
100%
Champagner kommt aus 🇮🇹 Italien. F (Frankreich)
100%
🇩🇪 Deutschland hat die höchste Ausländerquote in Europa. F (Frankreich)
100%
"Friede, Freude, Liebe" war das Motto der franz. Revolution. F (Freiheit, Gleichheit, Brüderlichkeit)
100%
Schmetterlinge schmecken mit den Flügeln. 🦋 F (Füße)
100%
Ein "Elfchen" ist eine Rechenmethode. F (Gedicht aus 11 Wörtern)
100%
Die schärfste Stelle des Sehens ist der grüne Punkt. F (gelber Punkt)
100%
Mitteleuropa liegt in der subtropischen Klimazone. F (gemäßigte Zone)
100%
Der Leopard ist das schnellste Landtier. 🐆 F (Gepard)
100%
Die Blätter der Rotbuche sind rot. F (grün)
100%
Gerhard Schröder war der Vorgänger von Bundeskanzler Helmut Kohl. F (Helmut Schmidt)
100%
Die Verdauung beginnt erst im Magen. F (im Mund)
100%
In 🇻🇳 Vietnam bezahlt man mit "Baht". F (in Thailand)
100%
München liegt an der Donau. F (Isar)
100%
"Samurai's" sind Wellen, die Küsten zerstören. 🌊 F (jap. Krieger)
100%
Der griech. Gott Zeus heißt im römischen Uranus. ⚡ F (Jupiter)
100%
Der südl. Punkt Afrika's ist Kap Verde. 🌍 F (Kap Agulhas)
100%
"Garfield" ist ein Labrador. 🐶 F (Kater)
100%
Sinti & Roma sind Moslems. F (Katholiken)
100%
"Kopi Luwak" nennt man auch "Apfelbrot". F (Katzenkaffee)
100%
Odessa ist die Hauptstadt der 🇺🇦 Ukraine. F (Kiew)
100%
"Beriberi" ist ein Reisgericht. 🍚 F (Krankheit)
100%
Die Fichte verliert im Winter seine Nadeln. 🌲 F (Lärche)
100%
In Vatikanstadt spricht man Mandarin. 🇻🇦 F (Latein)
100%
Die Hauptfigur von "The Legend of Zelda" heiß "Patt". F (Link)
100%
Die geraden Seitenzahlen eines Buches stehen auf der rechten Seite. 📖 F (linke Seite)
100%
Im Flugzeug sitzt der Copilot rechts neben dem Piloten. 🛩 F (links)
100%
Der dt. Filmpreis wird auch als Frida bezeichnet. F (Lola)
100%
"Für Élise" stammt von Edvard Grieg. 🎶 F (Ludwig van Beethoven)
100%
Die Tollwut nennt man auch Wechselfieber. F (Malaria)
100%
Amerigo Vespucci durchquerte als 1. Europäer China. 🇨🇳 F (Marco Polo)
100%
Wer auf 1 Felsen in 🇬🇮 Gibraltar nach Süden blickt, sieht Kreta. F (Marokko)
100%
Carl Benz erfand die 1. Scheibenwischanlage. F (Mary Anderson)
100%
Redewendung: "Pünktlich wie die Fliesenleger. " F (Maurer)
100%
Männer sind mit 55 Jahren am unzufriedensten mit ihrem Aussehen. F (mit 45 Jahren)
100%
Der höchste Berg der Alpen heißt Monte Rosa. F (Mont Blanc)
100%
Bei "Cluedo" muss man die meisten Länder einnehmen um zu gewinnen. F (Mordfälle aufklären)
100%
Richard Strauss wurde in Gelsenkirchen geboren. F (München)
100%
Der "Kopfnicker" ist ein trop. Zierfisch. 🐠 F (Muskel)
100%
Die Milz reinigt das Blut. F (Nieren)
100%
Hornindalsvatnet ist der tiefste See Europas & liegt in 🇫🇮 Finnland. F (Norwegen)
100%
Anhand des Gefieders erkennt man, welche Farbe Hühnereier haben werden. 🥚 F (Ohrläppchen)
100%
Leinöl enthält viel Zucker. F (Omega-3-Fettsäuren )
100%
🇬🇪 Georgien liegt südl. des Schwarzen Meeres. F (östl.)
100%
Die Oxidationsschicht schützt vor UV-Strahlen. F (Ozonschicht)
100%
Beim Memory gewinnt man, wenn man alle Karten losgeworden ist. F (Paare sammeln)
100%
Cholera nennt man auch den "Schwarzen Tod". ☠ F (Pest)
100%
Es gibt ein "Captain - Hook Syndrom". F (Peter - Pan - Syndrom)
100%
Klaus Störtebeker war ein Gewürzhändler. F (Pirat)
100%
Die Marienburg steht in der 🇨🇭 Schweiz. F (Polen)
100%
Die Hauptstadt von 🇨🇿 Tschechien ist Hinduku. F (Prag)
100%
Ein Atomkern besteht aus Elektronen & Ionen. F (Protonen & Neutronen)
100%
Die Störtebeker Festspiele finden in Greifswald statt. F (Ralswiek auf Rügen)
100%
Die Hauptstadt von 🇮🇸 Island ist Prag. F (Reykjavík)
100%
Die oberste Farbe des Regensbogens ist grün. F (rot)
100%
Weiß ist am häufigsten auf Nationalflaggen zu sehen. F (rot)
100%
Die Abseitsregel stammt ursprüngl. vom Volleyball. 🏐 F (Rugby)
100%
Die Balalaika stammt aus 🇬🇷 Griechenland. F (Russland)
100%
Alaska gehörte mal zu den 🇳🇱 Niederlanden. F (Russland)
100%
Die Erdbeere ist eine Beere. 🍓 F (Sammelnussfrucht)
100%
Ein "Smutje" ist ein Schiffsjunge. 🛥 F (Schiffskoch)
100%
"Mamba" ist ein kubanischer Tanz. 💃🏼 F (Schlange)
100%
Der See "Loch Ness" liegt in 🏴󠁧󠁢󠁷󠁬󠁳󠁿 Wales. F (Schottland)
100%
"beömmelt" heißt, sich mit Essen zu bekleckern. F (sich über jmd. lustig machen)
100%
Das chem. Symbol "Si" steht für Stickstoff. F (Silicium)
100%
Die 🇺🇸 USA schoss den 1. Satelliten ins All. F (Sowjetunion)
100%
Die älteste Partei 🇩🇪 Deutschlands ist die FDP. F (SPD)
100%
Popeye wird durch Möhren stark. 🥕 F (Spinat)
100%
Schladming liegt in Tirol. F (Steiermark)
100%
In Fabeln steht Adebar für einen Igel. 🦔 F (Storch)
100%
Die Mambo ist eine afrik. Baumschlange. 🐍 F (Tanz)
100%
Wer an "Epicondylitis radialis humeri" leidet, hat ein "Fußballknie". F (Tennisellbogen / Tennisarm)
100%
"Der Zauberberg" ist ein Roman von Franz Kafka. 📖 F (Thomas Mann)
100%
Das meistverkaufte Musikalbum ist "Bad" von Michael Jackson. 🎶 F (Thriller)
100%
Das Wetter spielt sich in der Stratosphäre ab. 🌩 F (Troposphäre)
100%
Martin Luther schlug seine Thesen an die Tür des Münchener Rathauses. F (Tür der Schlosskirche Wittenberg)
100%
Honigbienen sterben im Winter. 🐝 F (überwintern im Bienenstock)
100%
Die Erde besteht aus 30% Wasser & 70% Land 🌏 F (umgekehrt)
100%
1 Dynamo verwandelt Strom in Bewegung. ⚡ F (umgekehrt)
100%
Gehen Brillenträger aus Wärme in die Kälte, beschlagen die Gläser. 🤓 F (umgekehrt)
100%
Am 14. April 1912 stürzte die Hindenburg ab. F (Untergang Titanic)
100%
Mischt man Cyan & Magenta erhält man Grün. F (violett)
100%
Mischt man Blau & Rot ergibt das Grün. F (violett)
100%
Eisen wird durch Vitamin D besser vom Körper aufgenommen. F (Vitamin C)
100%
Der "Drachenstich" ist ein Kartenspiel aus dem Mittelalter. 🎟 F (Volksschauspiel)
100%
Unter dem Nationalpark "Yellow Stone" liegt ein Tropfsteinhöhlensystem. F (Vulkan) 8
100%
Marie Tussaud eröffnete ein berühmtes Restaurant. 🍴 F (Wachsfiguren - Museum)
100%
"E.T. – Der Außerirdische" gewann 1 Oscar sowie 1 Goldene Himbeere. 🏆 F (Wall Street)
100%
Die Hauptstadt der 🇺🇸 USA ist Columbia. F (Washington)
100%
Rotkäppchen bringt der Großmutter Wein & Kekse. 🍪 F (Wein & Kuchen)
100%
Die stärkste Beißkraft im Tierreich hat der Alligator. 🐊 F (Weiße Hai)
100%
Amsterdam ist seit 1919 die lebenswerteste Stadt. F (Wien)
100%
Der Rhein ist Europas wasserreichster Fluss. F (Wolga)
100%
Link aus "The Legend of Zelda" muss Prinzessin Peach befreien. 🍑 F (Zelda)
100%
Zink hat das Elementsymbol "Zi". F (Zn)
100%
Gletscher haben Lippen. 👄 F (Zungen)
100%
In 1 Thermoskanne bleiben kalte Getränk kalt. W
100%
Der Mensch ist ein Säugetier. W
100%
Dt. Windkrafträder drehen sich im Uhrzeigersinn. 🔃 W
100%
Die Ohrläppchen eines Huhns verraten, welche Farbe die Eier haben. 🐔 W
100%
Tick, Trick & Track sind Donald Ducks Neffen. W
100%
Schaut man zu lang in die Sonne, kann man blind werden. ☀ W
100%
Es gab Piraten, die die Erlaubnis hatten, Schiffe zu überfallen. W
100%
Ketchup besteht aus Tomaten. 🍅 W
100%
Das Trommelfell kann platzen, wenn man Niesen unterdrückt. 👂 W
100%
Im Schweizer Schulsystem bedeutete eine 6 = eine 1. 🇨🇭 W
100%
Die 🇧🇸 Bahamas liegen näher an Florida als 🇯🇲 Jamaika. W
100%
Leonardo DiCaprio's 2. Vorname lautet Wilhelm. W
100%
Johannes Rau war nach Roman Herzog dt. Bundespräsident. W
100%
3.000 Menschen erkranken jährlich an der Pest. ☠ W
100%
"Tod auf dem Nil" ist ein Roman von Agatha Christie. W
100%
Der Österreicher Franz Ferdinand wurde erschossen. 🔫 W
100%
Die 🇨🇭 Schweiz hat 4 Landessprachen. W
100%
Die Hauptstadt von 🇨🇴 Kolumbien ist Bogota. W
100%
"Das Kommunistische Manifest" stammt von Karl Marx & Friedrich Engels. W
100%
Hermann Hesse erhielt den Literaturnobelpreis. 🏆 W
100%
Die Richard-Wagner-Festspiele finden in Bayreuth statt. W
100%
Das 1. Wort der dt. Nationalhymne lautet "Einigkeit". W
100%
"Das Abendmahl" stammt von Leonardo da Vinci. W
100%
Magnus Carlsen ist amtierender Schachweltmeister. ♟ W
100%
Der Greyhound ist der schnellste Hund der Welt. 🐶 W
100%
Lothar de Maizière war der letzte Ministerpräsident der DDR. W
100%
Charles Taze Russell gründete die "Zeugen Jehovas". W
100%
Eine "Portugiesische Galeere" ist eine Quallenart. W
100%
Der Teufelsberg in Berlin ist 115 m hoch. W
100%
Der Teufelsberg in Berlin besteht aus Trümmerschutt. W
100%
9 Länder grenzen an 🇩🇪 Deutschland. W
100%
In der Bauchspeicheldrüse wird Insulin produziert. W
100%
Michael Schumacher gewann 7 Formel - 1 - Titel. 🏎 W
100%
🇺🇿 Usbekistan grenzt NICHT an 🇷🇺 Russland. W
100%
Skispringen wurde in 🇳🇴 Norwegen erfunden. 🎿 W
100%
Das Autokennzeichen von Bremen lautet "HB". W
100%
🇩🇪 Deutschland hat aktuell KEINEN aktiven Vulkan. 🌋 W
100%
Willy Brandt hieß bei seiner Geburt "Frahm". W
100%
Die Hauptstadt von 🇱🇮 Liechtenstein ist Vaduz. W
100%
Das "Ave Maria" stammt von Franz Schubert. 🎶 W
100%
Der Kapuzenmuskel wird auch Trapezmuskel genannt. W
100%
Der Victoriasee ist so groß wie Bayern. W
100%
1873 wurden in Frankfurt am Main die Bierpreise erhöht. 🍻 W
100%
Die Hauptstadt von Kanada ist "Ottawa". 🍁 W
100%
Richard Wagner wurde in Leipzig geboren. W
100%
Das "Schengen-Abkommen" bedeutet KEINE Grenzkontrollen in Europa. W
100%
🇬🇾 Guyana liegt NICHT in Afrika. W
100%
"Stolz & Vorurteil" wurde von Jane Austen geschrieben. 📖 W
100%
"DNA" steht für "Desoxyribonukleinsäure". W
100%
Die Amöbe ist ein Einzeller. W
100%
Die "Mykologie" beschäftigt sich mit Pilzen. 🍄 W
100%
"Frankenstein" wurde von einer Frau geschrieben. W
100%
Auf der Welt gibt es 194 anerkannte Staaten. 🌏 W
100%
Laut Bibel gab Adam den Tieren ihre Namen. W
100%
1955 verbot der DFB Frauenfußball. ⚽ W
100%
Der Mensch hat 12 Rippenpaare. W
100%
Die Hagebutte ist eine Sammelnussfrucht. W
100%
Albany ist die Hauptstadt von Bundesstaat New York. W
100%
Der innere Erdkern ist fest. W
100%
🇦🇹 Österreich hat die längste Grenze zu 🇩🇪 Deutschland. W
100%
🇬🇧 Großbritannien hat 9 Zeitzonen. W
100%
Der tiefste See Europas liegt in 🇳🇴 Norwegen. W
100%
Der Niger ist der 3.-längste Fluss in Afrika. W
100%
Die Troposphäre ist die 1. Schicht der Erdatmosphäre. W
100%
Texas grenzt an 🇲🇽 Mexiko. W
100%
Alaska ist der größte Bundesstaat der 🇺🇸 USA. W
100%
Wasserstoff ist ein farbloses Gas. W
100%
Nukleonen bestehen aus Protonen & Neutronen. W
100%
Der Höhepunkt des Kalten Krieges war die Kuba Krise. W
100%
Bei zu wenig Eisen fühlt man sich müde & antriebslos. 😴 W
100%
Portugiesisch ist die Amtssprache 🇧🇷 Brasiliens. W
100%
1951 fand die 1. Berlinale statt. W
100%
Der Päijänne-Tunnel ist der längste Felstunnel der Welt. W
100%
"Coronavirus" & "US Wahl" waren die meistgesuchten Wörter 2020. W
100%
Es gibt die Apfelsorte "Schafsnase". 🍏 W
100%
"Tafeläpfel" enthalten viele Allergene. 🍏 W
100%
".cd" steht für den Staat Kongo. W
100%
1867 kauften die 🇺🇸 USA Alaska. W
100%
Die Seder-Zeremonie gehört zum Judentum. 🕎 W
100%
Der aktive Vulkan Colima liegt in 🇲🇽 Mexiko. W
100%
Ein Tausendfüßler hat nur 750 Beine. W
100%
Ein rechter Winkel hat immer 90°. W
100%
Schlangen wachsen ihr gesamtes Leben lang. 🐍 W
100%
Ein Murmeltier Junges wird "Affe" genannt. W
100%
Phineas & Ferb sind Stiefbrüder. W
100%
Der ZDF ist ein TV - Sender. 📺 W
100%
"spielen" heißt auf englisch "play". 🇬🇧 W
100%
Halloween wird im Oktober gefeiert. 🦇 W
100%
Ein Torero ist ein Stierkämpfer. 🐃 W
100%
Eine Mischung aus Fußball, Reiten & Golf nennt man "Polo". W
100%
Die Adria ist an der Ostküste 🇮🇹 Italiens. W
100%
Spinnen haben 8 Beine. 🕷 W
100%
Eine Kugel hat nur 1 Fläche. 🔵 W
100%
Kiel liegt nördl. als Cuxhaven. W
100%
Das Parlament von 🇳🇴 Norwegen heißt "Storting". W
100%
Die Magellanstraße befindet sich in Südamerika. W
100%
"necessary" heißt "notwendig" auf englisch. W
100%
Die Ziffer 1 auf Eiern bedeutet "Freilandhaltung" . 🥚 W
100%
Auf 🇲🇹 Malta spricht man Maltesisch & Englisch. W
100%
Der Strafgerichtshof in London heißt "Old Bailey". ⚖ W
100%
"Mellum" ist eine westfriesische Insel. 🏝 W
100%
1948 wurde die FDP gegründet. W
100%
Belfast liegt nördl. als Liverpool. W
100%
Real Madrid nennt man auch "weißes Ballett". W
100%
Nofretete war die Frau von Echnaton. W
100%
Timothy Dalton spielte schon einmal "James Bond". W
100%
"You'll Never Walk Alone" ist die Hymne des FC Liverpool. W
100%
Die Quersumme von 889.123.456 lautet 46. W
100%
Die Schwerkraft ist die Kraft, die zwischen 2 Massen wirkt. W
100%
Das chem. Symbol für Stickstoff lautet "N". W
100%
Das chem. Elementsymbol "S" steht für Schwefel. W
100%
Sarajevo ist die Hauptstadt von 🇧🇦 Bosnien & Herzegowina. W
100%
Pompeji ging im Jahr 79 n. Chr. unter. W
100%
Das Unternehmen "Apple" entstand bereits 1976. W
100%
Der Weidenlaubsänger wird auch Zilpzalp genannt. 🐦 W
100%
Die Fernsehserie "Bridgerton" gibt es seit 2020. 📺 W
100%
🇦🇹 Österreichs Hauptstadt heißt Wien. W
100%
Die Zunge erkennt süß, sauer, bitter, salzig & umami. 😝 W
100%
40 x 80 - 14 - 31 = 3 155 W
100%
Sand ist KEINE erneuerbare Energiequelle. 🏜 W
100%
"cloud" ist das engl. Wort für "Wolke". 🌥 W
100%
Das Wort Dinosaurier bedeutet "gewaltige Eidechse". 🦕 W
100%
Hans Lipperhey erfand das Teleskop. 🔭 W
100%
"It’s quarter past eleven." bedeutet 11:15 Uhr. 🕒 W
100%
Im Ohr befindet sich ein Hammer. 👂 W
100%
Der Sitz der griech. Götter ist der Olymp. W
100%
Demokratie bedeutet "Herrschaft des Volkes". W
100%
Rom wurde 753 v. Chr. gegründet. W
100%
Die Hauptstadt des 🇴🇲 Oman ist Maskat. W
100%
Termiten gehören zu den Schaben. W
100%
ICQ ging 1996 an den Start. W
100%
Der Walfänger-Kapitän aus "Moby Dick" heißt "Ahab". 🐳 W
100%
"Der Herr der Ringe: Die Rückkehr des Königs" erhielt 11 Oscars. 🏆 W
100%
1 Rechteck (Länge: 8 cm & Breite 5 cm) hat einen Umfang von 26 cm. W
100%
Der Beagle ist eine brit. Hunderasse. 🐶 W
100%
"Bolschoi" ist das russ. Wort für "groß" W
100%
Grün ist KEINE Primärfarbe. W
100%
Die Tochter von Arnold Schwarzenegger heißt Katherine. W
100%
Eine Großstadt hat mehr als 100.000 Einwohner. 👥 W
100%
Eine dt. Großstadt, die auf "-wiese" endet, existiert nicht. W
100%
"Live is Life" von "Opus" erhielt die "Goldene Schallplatte" . 📀 W
100%
Vanessa Mai heiratete den Stiefsohn von Andrea Berg. W
100%
Leonardo, Raffael, Michelangelo & Donatello sind "Teenage Mutant Ninja Turtles". 🐢 W
100%
Mike Singer wurde 2000 in Kehl (Baden-Württemberg) geboren. W
100%
Sarah Lombardi gewann noch nie "Let's Dance". 🕺 W
100%
Der Himalaya wächst jährl. bis zu 10 mm. W
100%
🇩🇪 Deutschland hat ca. 82 Mio. Einwohner. W
100%
Los Angeles liegt in Kalifornien. W
100%
Die Verbindung zwischen Nordsee & Atlantik heißt Ärmelkanal. W
100%
Ein "Mistral" ist ein Wind. W
100%
Lawinen können bis zu 300 km/h erreichen. 🌨 W
100%
Der Äquatorumfang beträgt ca. 40.000 km. W
100%
🇫🇮 Finnland gehört NICHT zu den baltischen Staaten. W
100%
Istanbul liegt auf 2 Kontinenten. W
100%
Circuluswolken gibt es nicht. ☁ W
100%
Die Mitte eines Wirbelsturms nennt man "Auge". 🌪 W
100%
Das größte zsm.-hängende trop. Regenwaldgebiet liegt in Südamerika. W
100%
🇩🇪 Deutschland hat 16 Bundesländer. W
100%
Rheinland-Pfalz grenzt an das Saarland. W
100%
"Tidenhub" ist der Unterschied zwischen Hoch- & Niedrigwasser. W
100%
Die Nachbarplaneten der Erde sind Venus & Mars. 🌏 W
100%
🇫🇷 Frankreich & 🇮🇹 Italien sind Alpenländer. W
100%
Der Pazifik ist flächenmäßig der größte Ozean. W
100%
Inuit leben in 🇬🇱 Grönland & Alaska. W
100%
"Juist" ist eine ostfriesische Insel. W
100%
Den Pazifik nennt man auch "Stiller Ozean". W
100%
1 Blutzelle braucht nur 1 Minute für eine Reise durch den Körper. W
100%
Das Wort "Baguette" gibt es seit 1920. 🥖 W
100%
Ein Regenwurm kann 10 Jahre alt werden. W
100%
Ein Igel besitzt ca. 5 Tsd. Stacheln. 🦔 W
100%
Kurt Cobain wurde 1967 geboren & starb 1994. ✝ W
100%
Erdnussbutter muss in den 🇺🇸 USA mind. aus 90% Erdnüssen bestehen. W
100%
Kugelstoßer gehören zu den Leichtathleten. W
100%
In 🏴󠁧󠁢󠁳󠁣󠁴󠁿 Schottland darf man ab 16 Jahren wählen. W
100%
650 Mio. Menschen sprechen Mandarin. W
100%
Vor 20 Tsd. Jahren konnte man zu Fuß von 🏴󠁧󠁢󠁥󠁮󠁧󠁿 England nach 🇫🇷 Frankreich gehen. W
100%
Cola enthielt früher Kokain. W
100%
1 Geige hat 4 Saiten. 🎻 W
100%
1 Gitarre hat 6 Saiten. 🎸 W
100%
Till Eulenspiegel gab es wirklich. W
100%
Im ind. Dschungel leben "Bellhirsche". 🦌 W
100%
In 🇬🇷 Griechenland werden Leichen nach 3 Jahren wieder ausgegraben. W
100%
"Nippon" ist der jap. Name für 🇯🇵 Japan. W
100%
Beim Polo ist das Spielfeld 280 m lang. W
100%
In der Tundra wird der Wald nur 10 cm hoch. W
100%
In Sibirien füttert man Schlittenhunde manchmal mit Mammutfleisch. W
100%
Pistazieneis ist grün. 🍦 W
100%
Das Längenmaß "Meter" wurde von Franzosen erfunden. W
100%
Motten sind Schmetterlinge. 🦋 W
100%
🇮🇪 Irlands Wappen ist ein Kleeblatt. 🍀 W
100%
Oslo hieß früher Christiana. W
100%
Bücherwürmer sind Insekten. W
100%
Das Volk der "Lappen" nennt sich selber "Samen". W
100%
Auf dem Kilimandscharo kann man immer Ski fahren. 🎿 W
100%
Lanolin - Fett wird aus Schafwolle gewonnen. 🐑 W
100%
Es gibt Meeresgebiete, in denen Windstille herrscht. W
100%
Im alten Rom kannte man die Zahl 0 nicht. W
100%
Die alten Ägypter hielten Hyänen als Haustiere. W
100%
Fallabella - Pferde wiegen nur 20 kg. 🐴 W
100%
In London sind die Bücher von Tom Sawyer & Huckleberry Finn als rassistisch angesehen. 📖 W
100%
Kathol. Kirchenglocken werden getauft. 🛎 W
100%
In Kapstadt herrscht Mittelmeerklima. W
100%
Grün mischt man aus Blau & Gelb. 🖌 W
100%
Der kürzeste Krieg aller Zeiten dauerte 37 Min. . W
100%
"Afrikaans" spricht man nur in Afrika. 🌍 W
100%
Tallinn ist die Hauptstadt von 🇪🇪 Estland. W
100%
🇱🇮 Liechtenstein ist der 6.-kleinste Staat der Erde. W
100%
🇦🇩 Andorra liegt zwischen Spanien & Frankreich. W
100%
1 menschl. Niere wiegt 160 g. W
88%
🇲🇹 Malta besteht aus 5 Inseln. F (3)
86%
Simba"s Vater in "Der König der Löwen" heißt Timonala. 🦁 F (Mufasa)
86%
Istanbul ist die Hauptstadt der 🇹🇷 Türkei. F (Ankara)
83%
Dornröschen wachte durch einen Spindelstich auf. F (sie schlief ein)
83%
Im 10. Jahrhundert hatten die Chinesen bereits Schießpulver. W
83%
Eva wurde aus der Rippe Adam's erschaffen. W
83%
Die Kunstschule Bauhaus wurde 1919 gegründet. W
83%
Der Sekundenzeiger 1 Uhr läuft 720x so schnell wie der Stundenzeiger. 🕒 W
83%
Blei ist schwerer als Platin. F
80%
Es gibt 500 verschied. Tulpensorten. 🌷 F (6 Tsd.)
80%
Der Himalaya ist die längste Bergkette der Erde. F (Anden)
80%
Der "Englische Garten" liegt in Melbourne. F (München)
80%
In New York leben weltweit die meisten Menschen. 👥 F (Tokio)
80%
Nomaden sind Obstverkäufer in 🇲🇦 Marokko. F (wandernde Hirten)
80%
Das Kaspische Meer hat Salzwasser. W
80%
Flüsse sind Wetterscheiden. F
75%
Das Dreifinger-Faultier ist giftig. ☠ F
75%
Die antiken Griechen fragten das Orakel von Sparta um Rat. F (Delphi)
75%
Kork wird aus Ginkgobäumen hergestellt. F (Korkeiche)
75%
Michael Phelps hat die meisten Medaillen bei den Olymp. Sommerspielen gewonnen. 🥇 W
75%
"Titanic" erhielt 11 Oscars. 🏆 W
75%
2002 wurde der € offiziell eingeführt. 💶 W
75%
1 Steinblock der Cheops - Pyramide wiegt 15 Tonnen. W
75%
Stalaktiten bilden sich von oben nach unten. W
71%
Iren trinken in Europa den meisten Alkohol. 🍻 F
67%
🇫🇷 Frankreich hat 4 Zeitzonen. F (12)
67%
Beim Schach hat man zu Beginn 6 Bauern. ♟ F (8)
67%
Die Sparrenburg liegt in Plauen. F (Bielefeld)
67%
Die Hauptstadt von Australien ist Sydney. 🌏 F (Canberra)
67%
Frau Holle übergoss Pechmarie mit Öl. F (Pech)
67%
Rubine sind blau. F (rot)
67%
Der Philosoph Georg Wilhelm Friedrich Hegel wurde in Trier geboren. F (Stuttgart)
67%
Jap. Kaiser tragen den Titel "Nippon". 🇯🇵 F (Tenno)
67%
Frauen schwitzen mehr als Männer. 💦 F (umgekehrt)
67%
Alkohol erweitert die Blutgefäße. W
67%
Der afrik. Affenbrotbaum kann 140.000 Liter Wasser speichern. W
67%
Das "Plumplori" hat giftige Eckzähne. W
67%
Die Literaturepoche "Sturm & Drang" war ca. 1767 - 1785. W
67%
🇦🇷 Argentinien war seit 20 Jahren kein Fußball - Weltmeister mehr. W
67%
In 🇨🇳 China leben knapp 10 Mio. "Miao's". W
67%
"CD" bedeutet "Compact Disc". 💿 W
60%
Robert De Niro spielt in "Der Pate" eine Hauptrolle. F
50%
Der Bau des Kölner Doms dauerte 53 Jahre. F (632 Jahre)
50%
Arnold Schwarzenegger war Gouverneur von Virginia. F (Kalifornien)
50%
"Die Prinzen" stammen aus Karlsruhe. F (Leipzig)
50%
Bei Termiten haben die Arbeiter 4 Augen. F (sind blind)
50%
Die Rialtobrücke steht in Barcelona. F (Venedig)
50%
"Breit in 100 Sekunden" ist ein Lied von Helge Schneider. 🎶 F (von Heinz Strunk)
50%
Der härteste Stoff im Körper ist die Kniescheibe. F (Zahnschmelz)
50%
Instagram gibt es seit 2010. W
50%
Kiwi's heißen auch "Chin. Stachelbeere". 🥝 W
50%
Schmarotzer ist ein anderes Wort für Parasit. W
50%
Gelatine besteht aus Schlachtabfällen. W
50%
Christian Wulff wurde nach Johannes Rau dt. Bundespräsident. F (Horst Köhler)
33%
David Doors war Mitglied der "Rolling Stones". F
0%
Es gibt eine Frisur namens "Horst Cut". 💇🏼‍♀️ F
0%
Nur männl. Rentiere tragen ein Geweih. F
0%
Glas schmilzt zwischen 500 °C & 900 °C. F (1000 °C & 1600 °C)
0%
Alpen - Edelweiß wächst in einer Höhe zwischen 2.400 - 4.000 m. F ( 1.500 & 3.400 m)
0%
1973 wurde mit dem Bau der "Mauer" begonnen. F (1961)
0%
Der Viktoriasee liegt in Europa. F (Afrika)
0%
Einstein war schlecht in der Schule. F (Bester seines Jahrgangs)
0%
Sprichwort: "Da wird doch der Hase in der Pfanne verrückt!" 🍳 F (der Hund)
0%
Die Stadt Hamunaptra liegt in 🇮🇱 Israel. F (existiert nicht)
0%
Ein "Tsunami" ist ein jap. Krieger. F (Flutwelle)
0%
"Risipisi" ist eine Tropenkrankheit. 🤒 F (ital. Gericht)
0%
Aldus Manutius gilt als Erfinder des mod. Buchdrucks. 📚 F (Johannes Gutenberg)
0%
Ein Katalysator verbessert die Leistung. F (Schadstoffemissionen reduzieren)
0%
In Entenhausen zahlt man mit Schilling. F (Taler/Kreuzer | orig. Dollar )
0%
Graf Dracula war ein Werwolf. 🐺 F (Vampir)
0%
Hamburg hat ca. 2.500 Brücken. W
0%
Die Vuvuzela ist ein Musikinstrument. W
0%
Konrad Kujau war ein Kunstfälscher. W
0%
Kreta ist die größte Insel 🇬🇷 Griechenlands. W
0%
"Bastardo" ist ein portug. Portwein. 🍷 W
0%
Am der Oberfläche der Sonne herrschen ca. 5700 °C. ☀ W
0%
Zöliakie ist eine Darmerkrankung. W
0%
Wasserstoff ist das 1. Element im Periodensystem. W
0%
"kahvipaussi" heißt auf finnisch "Kaffeepause". ☕ W
0%
Die Stoßzähne von Elefanten bestehen aus "Elfenbein". 🐘 W
0%
Die 44 ist KEIN Teiler von 144. W
0%
Als Gehirnfrost bezeichnet man einen Kältekopfschmerz. ❄ W
0%
Der Fluss "Lena" fließt durch Sibirien. W
0%
"Opus" ist eine Band aus 🇦🇹 Österreich. W
0%
Die längste Rolltreppe der Welt befindet sich in Kiew. W
0%
Schillerlocken bestehen aus Haifischfleisch. 🦈 W
0%
Die Venus wird auch als "Abend, - & Morgenstern" bezeichnet. W
0%
Ambidextrie nennt man auch "Beidhändigkeit". W
0%
Sherlock Holmes gab es nie. 🕵️ W
0%
Island gilt als das Land der Feen & Kobolde. 🧚🏼‍♂️ W
0%
Keine übereinstimmenden Quizze gefunden
Verteilung der Resultate
Anzahl Personen mit jedem Resultat
Perzentil nach korrekt beantworteten Fragen
Ihre Resultats-Entwicklung
Sie haben dieses Quiz noch nicht gespielt